[Event "POL-chT blitz (Women)"]
[Site "Szczawno Zdroj"]
[Date "2018.12.15"]
[Round "5.6"]
[White "Fassa, Anna"]
[Black "Dmochowska, Agnieszka"]
[Result "0-1"]
[WhiteElo "2059"]
[BlackElo "1857"]
[PlyCount "52"]
[EventDate "2018.12.15"]
[EventType "team-swiss"]
[EventRounds "11"]
[EventCountry "POL"]
[SourceTitle "CBM 187 Extra"]
[Source "ChessBase"]
[SourceDate "2018.11.04"]
[SourceVersion "1"]
[SourceVersionDate "2018.11.04"]
[SourceQuality "1"]

1. e4 c5 2. c3 e6 3. d4 d5 4. e5 Nc6 5. Nf3 Bd7 6. Bd3 cxd4 7. cxd4 Qb6 8. 0-0 Nxd4 9. Nxd4 Qxd4 10. Re1 Bb4 11. Nc3 Bxc3 12. bxc3 Qxc3 13. Bg5 h6 14. Bh4 Qb4 15. Bg3 Qa4 16. Qf3 Ne7 17. Rac1 0-0 18. Bf4 Rac8 19. Qg3 Kh8 20. Bb1 Nf5 21. Bxf5 exf5 22. Rcd1 Be6 23. Rd3 Rc4 24. Bc1 Rfc8 25. Bd2 Qxa2 26. Qf4 Rxf4 0-1